[Event "Grand Swiss "]
[Date "2025.09.08"]
[White "Fedoseev, Vladimir"]
[Black "Martirosyan, Haik M."]
[WhiteElo "2731"]
[BlackElo "2628"]
[Round "4.4.39"]
[Result "1-0"]

1. d4 {[%clk 01:40:57] [%emt 00:00:02]} Nf6 {[%clk 01:40:29] [%emt 00:00:31]} 2.
c4 {[%clk 01:41:20] [%emt 00:00:07]} e6 {[%clk 01:40:52] [%emt 00:00:07]} 3. Nc3
{[%clk 01:41:44] [%emt 00:00:07]} Bb4 {[%clk 01:41:15] [%emt 00:00:07]} 4. Qc2
{[%clk 01:42:08] [%emt 00:00:06]} O-O {[%clk 01:41:16] [%emt 00:00:29]} 5. a3
{[%clk 01:42:30] [%emt 00:00:08]} Bxc3+ {[%clk 01:41:40] [%emt 00:00:06]} 6.
Qxc3 {[%clk 01:42:54] [%emt 00:00:06]} d5 {[%clk 01:41:51] [%emt 00:00:19]} 7.
cxd5 {[%clk 01:43:08] [%emt 00:00:16]} Ne4 {[%clk 01:38:15] [%emt 00:04:06]} 8.
Qc2 {[%clk 01:43:32] [%emt 00:00:06]} exd5 {[%clk 01:38:40] [%emt 00:00:06]} 9.
Bf4 {[%clk 01:43:56] [%emt 00:00:05]} Nc6 {[%clk 01:33:02] [%emt 00:06:09]} 10.
e3 {[%clk 01:43:58] [%emt 00:00:28]} g5 {[%clk 01:25:39] [%emt 00:07:53]} 11.
Bg3 {[%clk 01:41:52] [%emt 00:02:35]} f5 {[%clk 01:24:15] [%emt 00:01:55]} 12.
f3 {[%clk 01:42:12] [%emt 00:00:10]} Nxg3 {[%clk 01:22:59] [%emt 00:01:46]} 13.
hxg3 {[%clk 01:40:35] [%emt 00:02:06]} Qe7 {[%clk 01:17:20] [%emt 00:06:09]} 14.
Qb3 {[%clk 01:40:59] [%emt 00:00:06]} Be6 {[%clk 01:04:02] [%emt 00:13:48]} 15.
Bd3 {[%clk 01:24:46] [%emt 00:16:43]} Na5 {[%clk 01:00:02] [%emt 00:04:30]} 16.
Qb5 {[%clk 01:19:12] [%emt 00:06:03]} b6 {[%clk 00:53:41] [%emt 00:06:51]} 17.
Ne2 {[%clk 01:16:40] [%emt 00:03:02]} c5 {[%clk 00:47:33] [%emt 00:06:39]} 18.
dxc5 {[%clk 01:03:26] [%emt 00:13:44]} Bd7 {[%clk 00:47:34] [%emt 00:00:29]} 19.
Qb4 {[%clk 01:02:45] [%emt 00:01:11]} Qxe3 {[%clk 00:46:43] [%emt 00:01:21]} 20.
Rd1 {[%clk 01:02:35] [%emt 00:00:40]} Nc6 {[%clk 00:34:07] [%emt 00:13:06]} 21.
Qb3 {[%clk 00:39:34] [%emt 00:23:30]} Qxc5 {[%clk 00:33:16] [%emt 00:01:21]} 22.
Bb1 {[%clk 00:36:26] [%emt 00:03:38]} Ne7 {[%clk 00:27:14] [%emt 00:06:32]} 23.
Rh5 {[%clk 00:35:54] [%emt 00:01:02]} h6 {[%clk 00:27:01] [%emt 00:00:43]} 24.
Rxh6 {[%clk 00:33:24] [%emt 00:03:00]} Kg7 {[%clk 00:23:14] [%emt 00:04:17]} 25.
Rh3 {[%clk 00:33:47] [%emt 00:00:06]} Rac8 {[%clk 00:17:35] [%emt 00:06:10]} 26.
Qd3 {[%clk 00:31:37] [%emt 00:02:40]} Bb5 {[%clk 00:14:02] [%emt 00:04:02]} 27.
Qd2 {[%clk 00:30:13] [%emt 00:01:55]} Ng6 {[%clk 00:13:13] [%emt 00:01:19]} 28.
Qd4+ {[%clk 00:21:29] [%emt 00:09:13]} Qxd4 {[%clk 00:13:26] [%emt 00:00:18]}
29. Nxd4 {[%clk 00:21:51] [%emt 00:00:07]} Bd7 {[%clk 00:13:28] [%emt 00:00:28]}
30. Rh5 {[%clk 00:21:57] [%emt 00:00:24]} Kf6 {[%clk 00:11:18] [%emt 00:02:40]}
31. f4 {[%clk 00:14:28] [%emt 00:07:59]} gxf4 {[%clk 00:10:30] [%emt 00:01:18]}
32. Bxf5 {[%clk 00:14:10] [%emt 00:00:47]} Bxf5 {[%clk 00:08:32] [%emt
00:02:28]} 33. Rxf5+ {[%clk 00:14:33] [%emt 00:00:08]} Ke7 {[%clk 00:09:00]
[%emt 00:00:01]} 34. Rxd5 {[%clk 00:11:45] [%emt 00:03:18]} fxg3 {[%clk
00:09:10] [%emt 00:00:20]} 35. Rg5 {[%clk 00:08:29] [%emt 00:03:45]} Rg8 {[%clk
00:06:57] [%emt 00:02:44]} 36. Rxg3 {[%clk 00:07:01] [%emt 00:01:58]} Nh4 {[%clk
00:06:49] [%emt 00:00:38]} 37. Kf2 {[%clk 00:01:16] [%emt 00:06:16]} Rcf8+
{[%clk 00:04:51] [%emt 00:02:27]} 38. Nf3 {[%clk 00:01:40] [%emt 00:00:06]} Rxg3
{[%clk 00:03:59] [%emt 00:01:23]} 39. Kxg3 {[%clk 00:01:26] [%emt 00:00:44]}
Nxf3 {[%clk 00:03:57] [%emt 00:00:32]} 40. gxf3 {[%clk 00:01:53] [%emt
00:00:03]} Rg8+ {[%clk 00:02:06] [%emt 00:02:21]} 41. Kf4 {[%clk 00:00:52] [%emt
00:01:30]} Rg2 {[%clk 00:49:26] [%emt 00:03:10]} 42. b3 {[%clk 00:51:15] [%emt
00:00:06]} Rb2 {[%clk 00:46:06] [%emt 00:03:51]} 43. Rd3 {[%clk 00:51:40] [%emt
00:00:05]} Ke6 {[%clk 00:42:19] [%emt 00:04:17]} 44. Re3+ {[%clk 00:51:10] [%emt
00:01:00]} Kd5 {[%clk 00:40:28] [%emt 00:02:22]} 45. Kf5 {[%clk 00:38:38] [%emt
00:13:02]} Kd4 {[%clk 00:33:42] [%emt 00:07:15]} 46. Re4+ {[%clk 00:38:42] [%emt
00:00:27]} Kd5 {[%clk 00:28:50] [%emt 00:05:22]} 47. Re5+ {[%clk 00:37:39] [%emt
00:01:32]} Kd4 {[%clk 00:22:20] [%emt 00:07:00]} 48. Rb5 {[%clk 00:37:59] [%emt
00:00:10]} Rh2 {[%clk 00:16:05] [%emt 00:06:46]} 49. a4 {[%clk 00:33:05] [%emt
00:05:23]} Ke3 {[%clk 00:05:02] [%emt 00:11:33]} 50. f4 {[%clk 00:33:23] [%emt
00:00:11]} Kf3 {[%clk 00:05:16] [%emt 00:00:17]} 51. Rb4 {[%clk 00:31:43] [%emt
00:02:10]} Rh8 {[%clk 00:05:00] [%emt 00:00:46]} 52. Ke6 {[%clk 00:26:40] [%emt
00:05:33]} Re8+ {[%clk 00:05:18] [%emt 00:00:12]} 53. Kd7 {[%clk 00:27:03] [%emt
00:00:07]} Rf8 {[%clk 00:05:15] [%emt 00:00:34]} 54. Kc6 {[%clk 00:23:47] [%emt
00:03:46]} Rf7 {[%clk 00:05:05] [%emt 00:00:40]} 55. Kb5 {[%clk 00:22:19] [%emt
00:01:58]} Kg4 {[%clk 00:05:21] [%emt 00:00:14]} 56. Ka6 {[%clk 00:22:39] [%emt
00:00:09]} Rd7 {[%clk 00:05:10] [%emt 00:00:41]} 57. Rc4 {[%clk 00:23:00] [%emt
00:00:09]} Kf5 {[%clk 00:04:48] [%emt 00:00:53]} 58. b4 {[%clk 00:22:28] [%emt
00:01:01]} Ke6 {[%clk 00:03:20] [%emt 00:01:58]} 59. b5 {[%clk 00:22:32] [%emt
00:00:26]} Kd5 {[%clk 00:03:33] [%emt 00:00:18]} 60. Rc8 {[%clk 00:21:46] [%emt
00:01:15]} Rf7 {[%clk 00:03:45] [%emt 00:00:18]} 61. f5 {[%clk 00:21:24] [%emt
00:00:52]} 1-0

[Site "Europe Echecs"]

[Event "Grand Swiss "]
[Date "2025.09.08"]
[White "Dardha, Daniel"]
[Black "Sindarov, Javokhir"]
[WhiteElo "2624"]
[BlackElo "2722"]
[Round "4.4.40"]
[Result "1/2-1/2"]

1. e4 {[%clk 01:40:54] [%emt 00:00:05]} e5 {[%clk 01:40:55] [%emt 00:00:05]} 2.
Nf3 {[%clk 01:41:15] [%emt 00:00:09]} Nc6 {[%clk 01:41:20] [%emt 00:00:05]} 3.
Bb5 {[%clk 01:41:24] [%emt 00:00:20]} a6 {[%clk 01:41:12] [%emt 00:00:39]} 4.
Ba4 {[%clk 01:41:47] [%emt 00:00:06]} d6 {[%clk 01:38:11] [%emt 00:03:32]} 5.
O-O {[%clk 01:34:45] [%emt 00:07:32]} Bd7 {[%clk 01:38:21] [%emt 00:00:19]} 6.
c3 {[%clk 01:24:55] [%emt 00:10:20]} g6 {[%clk 01:38:25] [%emt 00:00:27]} 7. d4
{[%clk 01:25:15] [%emt 00:00:11]} Bg7 {[%clk 01:38:49] [%emt 00:00:05]} 8. Re1
{[%clk 01:22:07] [%emt 00:03:38]} Nf6 {[%clk 01:36:56] [%emt 00:02:24]} 9. Nbd2
{[%clk 01:08:47] [%emt 00:13:49]} O-O {[%clk 01:37:07] [%emt 00:00:19]} 10. h3
{[%clk 01:07:55] [%emt 00:01:22]} exd4 {[%clk 01:32:32] [%emt 00:05:05]} 11.
cxd4 {[%clk 01:07:55] [%emt 00:00:30]} Nb4 {[%clk 01:32:55] [%emt 00:00:07]} 12.
Bxd7 {[%clk 01:03:52] [%emt 00:04:32]} Qxd7 {[%clk 01:33:20] [%emt 00:00:06]}
13. Qb3 {[%clk 00:56:54] [%emt 00:07:29]} a5 {[%clk 01:12:57] [%emt 00:20:54]}
14. a3 {[%clk 00:56:05] [%emt 00:01:18]} Nc6 {[%clk 01:13:01] [%emt 00:00:26]}
15. d5 {[%clk 00:51:33] [%emt 00:05:02]} Nb8 {[%clk 01:13:21] [%emt 00:00:10]}
16. Nf1 {[%clk 00:39:48] [%emt 00:12:15]} Na6 {[%clk 01:12:25] [%emt 00:01:27]}
17. Qc2 {[%clk 00:34:21] [%emt 00:05:56]} Nc5 {[%clk 01:08:45] [%emt 00:04:11]}
18. Rb1 {[%clk 00:30:32] [%emt 00:04:19]} Rfe8 {[%clk 00:53:03] [%emt 00:16:11]}
19. Ng3 {[%clk 00:30:17] [%emt 00:00:45]} Qb5 {[%clk 00:53:00] [%emt 00:00:34]}
20. Re3 {[%clk 00:24:09] [%emt 00:06:38]} a4 {[%clk 00:51:00] [%emt 00:02:30]}
21. Bd2 {[%clk 00:23:08] [%emt 00:01:30]} Nfd7 {[%clk 00:50:50] [%emt 00:00:40]}
22. Bc3 {[%clk 00:22:48] [%emt 00:00:50]} Bh6 {[%clk 00:50:48] [%emt 00:00:32]}
23. Rbe1 {[%clk 00:17:21] [%emt 00:05:58]} Ne5 {[%clk 00:45:36] [%emt 00:05:43]}
24. Nxe5 {[%clk 00:15:51] [%emt 00:01:59]} dxe5 {[%clk 00:45:56] [%emt
00:00:10]} 25. Rf3 {[%clk 00:15:47] [%emt 00:00:34]} Nb3 {[%clk 00:45:05] [%emt
00:01:21]} 26. Rd3 {[%clk 00:15:00] [%emt 00:01:16]} Rad8 {[%clk 00:44:17] [%emt
00:01:18]} 27. Red1 {[%clk 00:11:30] [%emt 00:04:00]} Rd7 {[%clk 00:41:21] [%emt
00:03:26]} 28. Nf1 {[%clk 00:10:50] [%emt 00:01:09]} Qc4 {[%clk 00:37:40] [%emt
00:04:12]} 29. f3 {[%clk 00:07:55] [%emt 00:03:25]} Qc5+ {[%clk 00:28:48] [%emt
00:09:22]} 30. Kh1 {[%clk 00:07:54] [%emt 00:00:30]} Bg5 {[%clk 00:27:07] [%emt
00:02:12]} 31. Re1 {[%clk 00:07:08] [%emt 00:01:15]} Qb5 {[%clk 00:26:27] [%emt
00:01:10]} 32. Ne3 {[%clk 00:06:26] [%emt 00:01:13]} c5 {[%clk 00:26:12] [%emt
00:00:45]} 33. Rdd1 {[%clk 00:03:52] [%emt 00:03:03]} Qa6 {[%clk 00:25:59] [%emt
00:00:43]} 34. Ng4 {[%clk 00:03:30] [%emt 00:00:52]} Nd4 {[%clk 00:21:48] [%emt
00:04:41]} 35. Bxd4 {[%clk 00:03:54] [%emt 00:00:05]} cxd4 {[%clk 00:22:13]
[%emt 00:00:05]} 36. Nxe5 {[%clk 00:03:13] [%emt 00:01:11]} Rxe5 {[%clk
00:22:33] [%emt 00:00:09]} 37. f4 {[%clk 00:03:39] [%emt 00:00:05]} d3 {[%clk
00:22:54] [%emt 00:00:09]} 38. Qc8+ {[%clk 00:02:18] [%emt 00:01:50]} Rd8 {[%clk
00:23:11] [%emt 00:00:14]} 39. Qc7 {[%clk 00:01:52] [%emt 00:00:56]} Bxf4 {[%clk
00:11:50] [%emt 00:11:50]} 40. Qxd8+ {[%clk 00:02:16] [%emt 00:00:06]} Kg7
{[%clk 00:12:19] [%emt 00:00:02]} 41. Qh4 {[%clk 00:40:38] [%emt 00:12:08]} g5
{[%clk 00:58:33] [%emt 00:04:16]} 42. Qf2 {[%clk 00:39:43] [%emt 00:01:25]} Qc4
{[%clk 00:59:00] [%emt 00:00:04]} 43. g3 {[%clk 00:36:36] [%emt 00:03:37]} d2
{[%clk 00:58:24] [%emt 00:01:06]} 44. Rxd2 {[%clk 00:33:38] [%emt 00:03:28]}
Bxd2 {[%clk 00:58:42] [%emt 00:00:12]} 45. Qxd2 {[%clk 00:34:04] [%emt
00:00:04]} Kf8 {[%clk 00:58:52] [%emt 00:00:20]} 46. Qe3 {[%clk 00:32:01] [%emt
00:02:32]} h5 {[%clk 00:54:52] [%emt 00:04:31]} 47. g4 {[%clk 00:29:00] [%emt
00:03:31]} hxg4 {[%clk 00:50:20] [%emt 00:05:02]} 48. hxg4 {[%clk 00:28:54]
[%emt 00:00:36]} Qc8 {[%clk 00:49:48] [%emt 00:01:02]} 49. Qh3 {[%clk 00:25:12]
[%emt 00:04:12]} Kg7 {[%clk 00:36:19] [%emt 00:14:00]} 50. Qf3 {[%clk 00:16:04]
[%emt 00:09:37]} f6 {[%clk 00:34:05] [%emt 00:02:45]} 51. Rf1 {[%clk 00:10:46]
[%emt 00:05:48]} Qd8 {[%clk 00:30:40] [%emt 00:03:55]} 52. Rf2 {[%clk 00:09:25]
[%emt 00:01:51]} Re8 {[%clk 00:29:42] [%emt 00:01:27]} 53. Qf5 {[%clk 00:08:59]
[%emt 00:00:57]} Re5 {[%clk 00:28:54] [%emt 00:01:18]} 54. Qf3 {[%clk 00:09:17]
[%emt 00:00:12]} Re8 {[%clk 00:29:20] [%emt 00:00:04]} 55. Qf5 {[%clk 00:02:34]
[%emt 00:07:13]} Re5 {[%clk 00:29:09] [%emt 00:00:41]} 56. Qf3 {[%clk 00:03:00]
[%emt 00:00:04]} Re8 {[%clk 00:28:53] [%emt 00:00:47]} 1/2-1/2

[Site "Europe Echecs"]

[Event "Grand Swiss "]
[Date "2025.09.08"]
[White "Donchenko, Alexander"]
[Black "Robson, Ray"]
[WhiteElo "2624"]
[BlackElo "2674"]
[Round "4.4.41"]
[Result "1/2-1/2"]

1. c4 {[%clk 01:40:57] [%emt 00:00:03]} e5 {[%clk 01:39:13] [%emt 00:01:47]} 2.
Nf3 {[%clk 01:41:15] [%emt 00:00:12]} e4 {[%clk 01:39:08] [%emt 00:00:35]} 3.
Nd4 {[%clk 01:41:38] [%emt 00:00:06]} Nc6 {[%clk 01:37:48] [%emt 00:01:49]} 4.
e3 {[%clk 01:41:55] [%emt 00:00:14]} Nf6 {[%clk 01:28:56] [%emt 00:09:23]} 5.
Nc3 {[%clk 01:41:56] [%emt 00:00:29]} g6 {[%clk 01:23:06] [%emt 00:06:20]} 6. d3
{[%clk 01:36:00] [%emt 00:06:26]} exd3 {[%clk 01:23:16] [%emt 00:00:21]} 7. Bxd3
{[%clk 01:34:27] [%emt 00:02:02]} Bg7 {[%clk 01:23:24] [%emt 00:00:21]} 8. Be2
{[%clk 01:22:05] [%emt 00:12:52]} O-O {[%clk 01:19:53] [%emt 00:03:59]} 9. O-O
{[%clk 01:21:47] [%emt 00:00:51]} Nxd4 {[%clk 01:07:47] [%emt 00:12:36]} 10.
Qxd4 {[%clk 01:22:00] [%emt 00:00:17]} Re8 {[%clk 01:06:23] [%emt 00:01:54]} 11.
Qd2 {[%clk 01:19:16] [%emt 00:03:14]} a5 {[%clk 00:58:48] [%emt 00:08:03]} 12.
Bf3 {[%clk 01:09:47] [%emt 00:10:00]} d6 {[%clk 00:43:45] [%emt 00:15:33]} 13.
b3 {[%clk 00:48:23] [%emt 00:21:55]} a4 {[%clk 00:43:43] [%emt 00:00:31]} 14.
Rb1 {[%clk 00:36:43] [%emt 00:12:10]} axb3 {[%clk 00:33:42] [%emt 00:10:31]} 15.
axb3 {[%clk 00:32:42] [%emt 00:04:30]} Bf5 {[%clk 00:28:30] [%emt 00:05:42]} 16.
e4 {[%clk 00:32:42] [%emt 00:00:30]} Nxe4 {[%clk 00:24:21] [%emt 00:04:39]} 17.
Nxe4 {[%clk 00:32:52] [%emt 00:00:21]} Bxe4 {[%clk 00:23:44] [%emt 00:01:06]}
18. Bxe4 {[%clk 00:33:16] [%emt 00:00:06]} Rxe4 {[%clk 00:24:09] [%emt
00:00:04]} 19. Qd5 {[%clk 00:33:02] [%emt 00:00:44]} Qe8 {[%clk 00:16:27] [%emt
00:08:13]} 20. Qxb7 {[%emt 00:01:07]} c6 {[%clk 00:10:55] [%emt 00:05:59]} 21.
Be3 {[%clk 00:24:33] [%emt 00:08:25]} Bc3 {[%clk 00:10:56] [%emt 00:00:28]} 22.
Rbd1 {[%clk 00:21:47] [%emt 00:03:16]} Re7 {[%clk 00:02:09] [%emt 00:09:18]} 23.
Qb6 {[%clk 00:22:11] [%emt 00:00:06]} Rb8 {[%clk 00:02:25] [%emt 00:00:14]} 24.
Qa6 {[%clk 00:22:35] [%emt 00:00:06]} Ra8 {[%clk 00:02:46] [%emt 00:00:10]} 25.
Qb6 {[%clk 00:23:00] [%emt 00:00:06]} Rb8 {[%clk 00:00:53] [%emt 00:02:23]} 26.
Qa6 {[%clk 00:23:24] [%emt 00:00:06]} Ra8 {[%clk 00:00:45] [%emt 00:00:38]} 27.
Qb6 {[%emt 00:01:26]} 1/2-1/2

[Site "Europe Echecs"]

[Event "Grand Swiss "]
[Date "2025.09.08"]
[White "Artemiev, Vladislav"]
[Black "Hakobyan, Aram"]
[WhiteElo "2664"]
[BlackElo "2625"]
[Round "4.4.42"]
[Result "1/2-1/2"]

1. d4 {[%clk 01:40:40] [%emt 00:00:19]} Nf6 {[%clk 01:40:20] [%emt 00:00:40]} 2.
Nf3 {[%clk 01:40:26] [%emt 00:00:44]} d5 {[%clk 01:40:26] [%emt 00:00:24]} 3. c4
{[%clk 01:40:36] [%emt 00:00:20]} e6 {[%clk 01:40:15] [%emt 00:00:41]} 4. Nc3
{[%clk 01:40:38] [%emt 00:00:28]} dxc4 {[%clk 01:39:44] [%emt 00:01:02]} 5. e4
{[%clk 01:38:23] [%emt 00:02:45]} Bb4 {[%clk 01:39:19] [%emt 00:00:54]} 6. Bxc4
{[%clk 01:36:21] [%emt 00:02:32]} Nxe4 {[%clk 01:39:40] [%emt 00:00:09]} 7. O-O
{[%clk 01:36:25] [%emt 00:00:26]} Nf6 {[%clk 01:40:05] [%emt 00:00:06]} 8. Qa4+
{[%clk 01:27:05] [%emt 00:09:50]} Nc6 {[%clk 01:40:14] [%emt 00:00:21]} 9. Bb5
{[%clk 01:10:04] [%emt 00:17:31]} a5 {[%clk 01:19:35] [%emt 00:21:09]} 10. Bg5
{[%clk 00:43:09] [%emt 00:27:25]} O-O {[%clk 01:19:20] [%emt 00:00:45]} 11. Bxc6
{[%clk 00:41:26] [%emt 00:02:14]} bxc6 {[%clk 01:18:53] [%emt 00:00:56]} 12. Ne4
{[%clk 00:39:56] [%emt 00:02:01]} Ba6 {[%clk 01:06:05] [%emt 00:13:18]} 13. Rfc1
{[%clk 00:34:24] [%emt 00:06:01]} Bd3 {[%clk 00:59:51] [%emt 00:06:43]} 14.
Nxf6+ {[%clk 00:31:01] [%emt 00:03:53]} gxf6 {[%clk 01:00:11] [%emt 00:00:11]}
15. Bh6 {[%clk 00:31:26] [%emt 00:00:05]} Re8 {[%clk 00:52:58] [%emt 00:07:43]}
16. Qxc6 {[%clk 00:30:31] [%emt 00:01:26]} Bd6 {[%clk 00:53:04] [%emt 00:00:23]}
17. Qc3 {[%clk 00:26:02] [%emt 00:04:59]} Bg6 {[%clk 00:51:27] [%emt 00:02:07]}
18. Nd2 {[%clk 00:16:12] [%emt 00:10:20]} e5 {[%clk 00:36:05] [%emt 00:15:53]}
19. dxe5 {[%clk 00:14:55] [%emt 00:01:47]} Bb4 {[%clk 00:28:57] [%emt 00:07:37]}
20. Qh3 {[%clk 00:11:56] [%emt 00:03:29]} Rxe5 {[%clk 00:24:59] [%emt 00:04:28]}
21. Qf3 {[%clk 00:04:24] [%emt 00:08:02]} Rf5 {[%clk 00:15:47] [%emt 00:09:43]}
22. Qe2 {[%clk 00:02:36] [%emt 00:02:18]} Re5 {[%clk 00:15:04] [%emt 00:01:13]}
23. Qf3 {[%clk 00:02:58] [%emt 00:00:07]} Rf5 {[%clk 00:15:29] [%emt 00:00:05]}
24. Qe2 {[%clk 00:01:59] [%emt 00:01:30]} Re5 {[%clk 00:15:10] [%emt 00:00:48]}
25. Qf3 {[%clk 00:02:21] [%emt 00:00:08]} Rf5 {[%emt 00:00:42]} 1/2-1/2

[Site "Europe Echecs"]

[Event "Grand Swiss "]
[Date "2025.09.08"]
[White "Svane, Rasmus"]
[Black "Wojtaszek, Radoslaw"]
[WhiteElo "2620"]
[BlackElo "2661"]
[Round "4.4.43"]
[Result "1/2-1/2"]

1. d4 {[%clk 01:40:52] [%emt 00:00:07]} Nf6 {[%clk 01:40:54] [%emt 00:00:07]} 2.
c4 {[%clk 01:41:11] [%emt 00:00:12]} e6 {[%clk 01:41:20] [%emt 00:00:03]} 3. Nf3
{[%clk 01:41:28] [%emt 00:00:13]} d5 {[%clk 01:41:44] [%emt 00:00:06]} 4. Nc3
{[%clk 01:41:40] [%emt 00:00:18]} Be7 {[%clk 01:42:06] [%emt 00:00:08]} 5. Bf4
{[%clk 01:40:33] [%emt 00:01:37]} O-O {[%clk 01:42:23] [%emt 00:00:13]} 6. e3
{[%clk 01:40:50] [%emt 00:00:12]} c5 {[%clk 01:42:43] [%emt 00:00:11]} 7. dxc5
{[%clk 01:39:05] [%emt 00:02:15]} Bxc5 {[%clk 01:43:07] [%emt 00:00:06]} 8. a3
{[%clk 01:32:34] [%emt 00:07:01]} Nc6 {[%clk 01:43:24] [%emt 00:00:13]} 9. Bd3
{[%clk 01:24:15] [%emt 00:08:49]} dxc4 {[%clk 01:42:44] [%emt 00:01:10]} 10.
Bxc4 {[%clk 01:24:39] [%emt 00:00:06]} Nh5 {[%clk 01:43:07] [%emt 00:00:06]} 11.
Bg5 {[%clk 01:23:18] [%emt 00:01:51]} Be7 {[%clk 01:43:06] [%emt 00:00:31]} 12.
Bxe7 {[%clk 01:15:14] [%emt 00:08:35]} Qxe7 {[%clk 01:43:21] [%emt 00:00:14]}
13. O-O {[%clk 01:15:36] [%emt 00:00:07]} Rd8 {[%clk 01:30:03] [%emt 00:13:48]}
14. Qe2 {[%clk 01:15:58] [%emt 00:00:08]} Bd7 {[%clk 01:30:25] [%emt 00:00:08]}
15. Rfd1 {[%clk 01:15:26] [%emt 00:01:02]} Be8 {[%clk 01:25:48] [%emt 00:05:07]}
16. h3 {[%clk 01:10:52] [%emt 00:05:03]} h6 {[%clk 01:21:25] [%emt 00:04:54]}
17. Ne4 {[%clk 01:01:44] [%emt 00:09:38]} Nf6 {[%clk 01:20:22] [%emt 00:01:32]}
18. Nxf6+ {[%clk 00:56:15] [%emt 00:05:59]} Qxf6 {[%clk 01:20:46] [%emt
00:00:06]} 19. Bd3 {[%clk 00:54:37] [%emt 00:02:08]} Ne5 {[%clk 01:13:01] [%emt
00:08:14]} 20. Be4 {[%clk 00:53:39] [%emt 00:01:29]} Bc6 {[%clk 01:13:25] [%emt
00:00:06]} 21. Bxc6 {[%clk 00:52:58] [%emt 00:01:11]} Nxc6 {[%clk 01:10:45]
[%emt 00:03:10]} 22. Qb5 {[%clk 00:46:58] [%emt 00:06:28]} Qe7 {[%clk 01:09:24]
[%emt 00:01:52]} 23. Rac1 {[%clk 00:46:10] [%emt 00:01:19]} a6 {[%clk 01:01:10]
[%emt 00:08:44]} 24. Qb3 {[%clk 00:37:16] [%emt 00:09:23]} Rac8 {[%clk 00:59:15]
[%emt 00:02:25]} 25. Rxd8+ {[%clk 00:28:18] [%emt 00:09:29]} Rxd8 {[%clk
00:59:21] [%emt 00:00:24]} 26. Rd1 {[%clk 00:26:36] [%emt 00:02:12]} Rxd1+
{[%clk 00:58:26] [%emt 00:01:26]} 27. Qxd1 {[%clk 00:27:01] [%emt 00:00:05]} Kf8
{[%clk 00:58:50] [%emt 00:00:06]} 28. Qc2 {[%clk 00:24:14] [%emt 00:03:17]} Qd6
{[%clk 00:56:22] [%emt 00:02:58]} 29. Nd4 {[%clk 00:18:58] [%emt 00:05:45]} Ne7
{[%clk 00:56:41] [%emt 00:00:12]} 30. Nf3 {[%clk 00:17:01] [%emt 00:02:27]} Nc6
{[%clk 00:56:59] [%emt 00:00:11]} 1/2-1/2

[Site "Europe Echecs"]